Obligacje.

Úroky z obligácie sú príjmom z nej. Kupón sa zasiela emitentovi. O príjme z obligácie rozhoduje pomer medzi úrokmi a jej trhovou cenou. Obligácie krátko- a dlhodobé. Riziko z obligácií a jeho zabezpečenie. Obligácie domáce a zahraničné, so stálym alebo meniacim sa zúročením, konvertibilné, indexovan...

Ausführliche Beschreibung

Gespeichert in:
Bibliographische Detailangaben
1. Verfasser: Oreziak, L.
Format: Buchkapitel
Sprache:Polnisch
Schlagworte:
Tags: Tag hinzufügen
Keine Tags, Fügen Sie das erste Tag hinzu!

MARC

LEADER 00000naa a2200000 4500
001 r002889
005 20220819192311.6
041 0 |a pol 
044 |a PL 
245 1 0 |a Obligacje.  |c L. Oreziak 
520 |a Úroky z obligácie sú príjmom z nej. Kupón sa zasiela emitentovi. O príjme z obligácie rozhoduje pomer medzi úrokmi a jej trhovou cenou. Obligácie krátko- a dlhodobé. Riziko z obligácií a jeho zabezpečenie. Obligácie domáce a zahraničné, so stálym alebo meniacim sa zúročením, konvertibilné, indexované, bez kupónu alebo s nulovým kupónom. 
610 2 0 |a obligácie 
610 2 0 |a úrok 
610 2 0 |a ceny trhové 
100 1 |a Oreziak, L.